[Event "GER-chT U20 Girls"]
[Site "Kiel"]
[Date "2022.07.24"]
[Round "4.2"]
[White "Mohammad Dawed, Lizan"]
[Black "Albayrak, Melissa"]
[Result "0-1"]
[WhiteElo "799"]
[BlackElo "1366"]
[PlyCount "66"]
[EventDate "2022.07.22"]
[EventType "team-swiss"]
[EventRounds "7"]
[EventCountry "GER"]
[SourceTitle "CBM 209 Extra"]
[Source "ChessBase"]
[SourceDate "2022.09.30"]
[SourceVersion "1"]
[SourceVersionDate "2022.09.30"]
[SourceQuality "1"]
[WhiteTeam "Bad Oldesloe"]
[BlackTeam "Nuernberg Noris Tarrasch"]
[WhiteTeamCountry "GER"]
[BlackTeamCountry "GER"]

1. d4 d5 2. Bf4 Nf6 3. e3 Nc6 4. Nc3 Bf5 5. Nb5 Rc8 6. Bd3 Bxd3 7. Qxd3 e6 8. Qb3 Bd6 9. Nh3 a6 10. Bxd6 cxd6 11. Nc3 Qc7 12. 0-0 0-0 13. Rad1 Rcd8 14. Rfe1 b5 15. e4 dxe4 16. d5 exd5 17. Nxd5 Nxd5 18. Rxd5 Rfe8 19. Ng5 Ne5 20. h3 Qc6 21. Rd4 d5 22. Rc1 h6 23. f4 Nc4 24. h4 hxg5 25. hxg5 Qc5 26. c3 e3 27. f5 e2 28. Kf2 Qe7 29. f6 e1Q+ 30. Kf3 Q7e3+ 31. Kg4 Q1g3+ 32. Kh5 g6+ 33. Kh6 Qexg5# 0-1

[Event "GER-chT U20 Girls"]
[Site "Kiel"]
[Date "2022.07.23"]
[Round "2.2"]
[White "Peglau, Mirjam"]
[Black "Mohammad Dawed, Lizan"]
[Result "1-0"]
[WhiteElo "1876"]
[BlackElo "799"]
[PlyCount "71"]
[EventDate "2022.07.22"]
[EventType "team-swiss"]
[EventRounds "7"]
[EventCountry "GER"]
[SourceTitle "CBM 209 Extra"]
[Source "ChessBase"]
[SourceDate "2022.09.30"]
[SourceVersion "1"]
[SourceVersionDate "2022.09.30"]
[SourceQuality "1"]
[WhiteTeam "Seeblick"]
[BlackTeam "Bad Oldesloe"]
[WhiteTeamCountry "GER"]
[BlackTeamCountry "GER"]

1. d4 d5 2. Nf3 Bf5 3. Bf4 e6 4. e3 Nf6 5. Bd3 Bxd3 6. Qxd3 Ne4 7. 0-0 Nd7 8. c4 c6 9. Nc3 g5 10. Bg3 Nxg3 11. hxg3 Be7 12. Rac1 g4 13. Nd2 h5 14. cxd5 exd5 15. Qf5 Nb6 16. f3 h4 17. fxg4 h3 18. Qxf7+ Kd7 19. Qf5+ Kc7 20. Nb5+ Kb8 21. Qe5+ Bd6 22. Nxd6 Nd7 23. Qf4 Rf8 24. Nf5+ Kc8 25. gxh3 Rf6 26. g5 Rg6 27. h4 Nf8 28. Nf3 Ne6 29. Qe5 Qc7 30. Qh8+ Nd8 31. Ne5 Re6 32. g6 b6 33. g7 Kb7 34. g8Q c5 35. Qgg7 Nc6 36. Qxa8+ 1-0